000
00254nam a2200097Ia 4500
001
703948
005
20250826162401.0
008
250824s9999 xx 000 0 und d
245
0
_a
OLÖAK VE SAHİP OLMAK
_c
BRİGİTTEN LABBE
260
_b
GÜNIŞIĞI YAYINLARI
999
_c
703948
_d
703948